Liga MX Champions - Statistics

General Stats
  • This quiz has been taken 213 times
    76 since last reset
  • The average score is 35 of 112
Answer Stats
Year Loser Answer % Correct
Apertura 2024 Monterrey America
96%
Clausura 2023 Guadalajara Tigres
96%
Clausura 2025 America Toluca
96%
Clausura 2024 Cruz azul America
94%
Apertura 2023 Tigres America
94%
Clausura 2022 Pachuca Atlas
87%
Apertura 2021 León Atlas
85%
Apertura 2022 Toluca Pachuca
85%
Guardianes 2021 Santos Cruz azul
83%
Apertura 2019 America Monterrey
81%
Apertura 2018 Cruz azul America
79%
Guardianes 2020 Pumas León
79%
Clausura 2019 León Tigres
79%
Clausura 2017 Tigres Guadalajara
73%
Clausura 2018 Toluca Santos
73%
Apertura 2016 America Tigres
73%
Apertura 2017 Monterrey Tigres
71%
Clausura 2013 Cruz azul America
67%
Clausura 2016 Monterrey Pachuca
67%
Clausura 2015 Queretaro Santos
67%
Apertura 2014 Tigres America
65%
Apertura 2015 Pumas Tigres
65%
Clausura 2014 Pachuca León
63%
Apertura 2013 America León
63%
Apertura 2012 Toluca Xolos
62%
Clausura 2012 Monterrey Santos
60%
Clausura 2011 Morelia Pumas
56%
Apertura 2011 Santos Tigres
54%
Bicentenario 2010 Santos Toluca
50%
Apertura 2010 Santos Monterrey
48%
Apertura 2009 Cruz azul Monterrey
44%
Apertura 2008 Cruz azul Toluca
42%
Clausura 2009 Pachuca Pumas
40%
Apertura 2007 Pumas Atlante
37%
Clausura 2008 Cruz azul Santos
37%
Clausura 2005 Tecos America
33%
Apertura 2006 Toluca Guadalajara
33%
Apertura 2004 Monterrey Pumas
33%
Clausura 2004 Guadalajara Pumas
33%
Invierno 1997 León Cruz azul
31%
Apertura 2003 Tigres Pachuca
31%
Apertura 2005 Monterrey Toluca
31%
Clausura 2007 America Pachuca
29%
Clausura 2006 San Luis Pachuca
29%
Apertura 2002 Morelia Toluca
29%
Verano 2002 Necaxa America
25%
Invierno 2000 Toluca Morelia
25%
Invierno 2001 Tigres Pachuca
25%
Verano 2000 Santos Toluca
25%
Verano 1999 Atlas Toluca
25%
Verano 1997 Toros Neza Guadalajara
23%
Clausura 2003 Morelia Monterrey
21%
Invierno 1999 Cruz azul Pachuca
21%
Verano 2001 Pachuca Santos
21%
Invierno 1996 Necaxa Santos
21%
Verano 1998 Necaxa Toluca
21%
Prode 85 Tampico madero America
19%
Invierno 1998 Guadalajara Necaxa
19%
Temporada 84-85 Pumas America
17%
Temporada 83-84 Guadalajara America
17%
Temporada 95-96 Celaya Necaxa
17%
Temporada 92-93 Monterrey Atlante
15%
Temporada 94-95 Cruz azul Necaxa
15%
Temporada 93-94 Santos Tecos
15%
Mexico 86 Tampico madero Monterrey
13%
Temporada 90-91 America Pumas
13%
Temporada 88-89 Cruz azul America
12%
Temporada 87-88 Pumas America
12%
Temporada 86-87 Cruz azul Guadalajara
12%
Temporada 89-90 Leones negros Puebla
12%
Temporada 79-80 Tigres Cruz azul
10%
Temporada 61-62 America Guadalajara
10%
Temporada 60-61 Oro Guadalajara
10%
Temporada 59-60 America Guadalajara
10%
Temporada 58-59 Leon Guadalajara
10%
Temporada 56-57 Toluca Guadalajara
10%
Temporada 91-92 Puebla León
10%
Temporada 80-81 Cruz azul Pumas
10%
Temporada 81-82 Atlante Tigres
10%
Temporada 78-79 Pumas Cruz azul
8%
Temporada 69-70 Cruz azul Guadalajara
8%
Temporada 64-65 Oro Guadalajara
8%
Temporada 63-64 America Guadalajara
8%
Temporada 48-49 Atlas Leon
8%
Temporada 47-48 Oro Leon
8%
Temporada 82-83 Guadalajara Puebla
8%
Temporada 75-76 Leones negros America
6%
Temporada 70-71 Toluca America
6%
Temporada 65-66 Atlas America
6%
Temporada 46-47 Leon Atlante
6%
Temporada 50-51 Atlante Atlas
6%
Temporada 73-74 Atletico Español Cruz azul
6%
Temporada 72-73 Leon Cruz azul
6%
Temporada 71-72 America Cruz azul
6%
Mexico 70 Guadalajara Cruz azul
6%
Temporada 68-69 Guadalajara Cruz azul
6%
Temporada 55-56 Oro Leon
6%
Temporada 51-52 Guadalajara Leon
6%
Temporada 76-77 Leones negros Pumas
6%
Temporada 77-78 Pumas Tigres
6%
Temporada 74-75 Leon Toluca
6%
Temporada 67-68 Pumas Toluca
6%
Temporada 66-67 America Toluca
6%
Temporada 45-46 Atlante Veracruz
6%
Temporada 43-44 Real club españa Asturias
4%
Temporada 53-54 Oro Marte
4%
Temporada 62-63 Guadalajara Oro
4%
Temporada 44-45 Puebla Real club españa
4%
Temporada 52-53 Zacatepec Tampico
4%
Temporada 49-50 Atlante Veracruz
4%
Temporada 57-58 Toluca Zacatepec
4%
Temporada 54-55 Guadalajara Zacatepec
4%
No matching quizzes found
Score Distribution
Percent of People with Each Score
Percentile by Number Answered
Your Score History
You have not taken this quiz since the last reset